Les meilleurs défenseurs gauches de football du monde - Statistiques

Statistiques générales
  • Ce quiz a été pris 94 fois
  • Le résultat moyen est 10 sur 25
Statistiques - réponses
Rang Championnat Nationalité Joueur % Correct
1 Serie A France Théo Hernandez
99%
5 Bundesliga Canada Alphonso Davies
92%
6 Liga France Ferland Mendy
89%
2 Premier League Croatie Josko Gvardiol
88%
7 Premier League Ecosse Andy Robertson
87%
11 Ligue 1 Portugal Nuno Mendes
86%
4 Serie A Italie Federico Dimarco
85%
3 Bundesliga Espagne Alejandro Grimaldo
80%
13 Liga Espagne Alejandro Balde
54%
8 Premier League Angleterre Luke Shaw
39%
9 Premier League Italie Riccardo Calafiori
39%
17 Premier League Espagne Marc Cucurella
33%
12 Bundesliga Portugal Raphaël Guerreiro
33%
14 Premier League Italie Destiny Udogie
30%
20 Premier League Etats-Unis Antonee Robinson
15%
21 Premier League Turquie Ferdi Kadioglu
13%
18 Premier League Equateur Pervis Estupinan
13%
23 Premier League Pays-Bas Ian Maatsen
11%
15 Liga Brésil Samuel Lino
8%
10 Serie A Italie Andrea Cambiaso
7%
19 Bundesliga Allemagne David Raum
5%
22 Bundesliga Allemagne Maximilian Mittelstadt
5%
25 Liga Portugal Brésil Wendell
4%
24 Ligue 1 France Bradley Locko
1%
16 Liga Espagne Miguel Gutierrez
1%
Aucun quiz correspondant
Distribution des résultats
% des personnes avec chaque résultat
Percentile par nombre de réponses
Votre historique - résultats
Vous n’avez pas pris ce quiz